000 00714nam a22002297a 4500
005 20170124110021.0
010 _aA-896427
020 _c40.00
_a8123004200
035 _aA-896427
037 _bCen Lib/Ret
040 _aDPL
_bEN
082 _a509.2
_bSAH
100 _aKarmohapatro, S. B.
_919826
245 _aMeghnad saha /
_cby S. B. Karmohapatro
260 _aNew Delhi
_bMinistry of Information & Broadcasting, Govt. of India
_c1997
270 _bNew Delhi
_aPatiala House
_e110001
300 _axi,144p.
_c20cm(Hb)
500 _aIncludes index
650 _aSaha, Meghnad, -- 1893-1956
_919827
650 _aPhysicists -- India -- Biography
_919828
942 _2ddc
_cEN
_h509.2
_mSAH
999 _c127220
_d127220